Okoř a malíři kolem Antonína Slavíčka

Bibliographic Details
Main Author: Pecháček, Jaroslav, 1909-1984 (Author)
Format: Book
Language:Czech
PhysicalDescription:103 s.
Published: Praha Orbis 1964
Series:Žili a tvořili ve středních Čechách
Subjects:

MARC

LEADER 00000aam a2200000 a 4500
001 vtls001450038
003 SK-MaSNL
005 20260425234953.0
008 240318s1964 xr g 00000 cze
035 |a SNK000405324 
040 |a SNK  |b slo  |c SNK  |e AACR2 
041 0 |a cze 
043 |a e-xr--- 
072 7 |a 75  |x Maliarstvo  |2 konspekt 
080 |a 75.047  |2 2001 
080 |a (437.3)  |2 2011 
080 |a (048.8)  |2 2011 
100 1 |a Pecháček, Jaroslav,  |d 1909-1984  |4 aut  |9 42508 
245 1 0 |a Okoř a malíři kolem Antonína Slavíčka  |c Jaroslav Pecháček 
260 |a Praha  |b Orbis  |c 1964 
300 |a 103 s. 
490 1 |a Žili a tvořili ve středních Čechách 
600 1 7 |a Slavíček, Antonín,  |d 1870-1910  |2 SNKMA  |9 64770 
600 1 7 |a Hudeček, Antonín,  |d 1872-1941  |2 SNKMA  |9 114647 
650 0 7 |a maliarstvo  |2 SNKPH  |9 812 
650 0 7 |a Painting  |2 SNKPHeng  |9 294628 
650 0 7 |a krajinomaľba  |2 SNKPH  |9 86830 
650 0 7 |a Landscape painting  |2 SNKPHeng  |9 404706 
651 7 |a Okoř (Česko)  |2 SNKPHgeo  |9 528533 
651 7 |a Czechia  |2 SNKPHeng  |9 170107 
655 7 |a štúdie  |2 SNKPH  |9 57033 
655 7 |a Studies  |2 SNKPHeng  |9 265573 
830 0 |a Žili a tvořili ve středních Čechách  |9 528534 
852 |a Štátna vedecká knižnica v Banskej Bystrici 
958 |a OND 
999 |c 815519  |d 817449 
952 |t P60, <04>, [BOOK], {604}  |a SNK  |b SNK  |y VYP  |7 0  |p 17A0373760  |o snkID 37279  |0 0  |1 0  |4 0  |d 2003-02-20  |l 0  |r 2005-01-02 00:00:00  |w 2026-02-24